Tin học căn bản

Sách hướng dẫn đầy đủ các chi tiết các lệnh thiết yếu của MDOS,các thông tin cần thiết để bạn nhanh chống dùng được phần mềm Norton

Saved in:
Bibliographic Details
Main Author: Nguyễn, Ngọc Tuấn
Other Authors: Nguyễn Ngọc Tuấn; Hồng Phúc
Language:Undetermined
Published: Hà Nội Thống kê 2004
Subjects:
Tags: Add Tag
No Tags, Be the first to tag this record!
Institutions: Trung tâm Học liệu Trường Đại học Trà Vinh
LEADER 00821nam a2200253Ia 4500
001 TVU_77
008 210423s9999 xx 000 0 und d
041 |a Vie 
082 |a 4 
082 |b T502 
100 |a Nguyễn, Ngọc Tuấn 
245 0 |a Tin học căn bản 
245 0 |c Nguyễn Ngọc Tuấn, Hồng Phúc 
260 |a Hà Nội 
260 |b Thống kê 
260 |c 2004 
300 |a 312 tr. 
300 |b minh họa 
300 |c 24 cm 
504 |a Thư mục: tr.307-312 
520 |a Sách hướng dẫn đầy đủ các chi tiết các lệnh thiết yếu của MDOS,các thông tin cần thiết để bạn nhanh chống dùng được phần mềm Norton 
650 |a Máy tính 
700 |a Nguyễn Ngọc Tuấn; Hồng Phúc 
980 |a Trung tâm Học liệu Trường Đại học Trà Vinh